Postavenie konkurenčného spravodajstva vo firme
Problematika konkurenčného spravodajstva, prostredníctvom ktorého firmy môžu získať konkurenčnú výhodu, ktorá sa stáva predpokladom prežitia na súčasnom turbulentnom trhu. Konkurenčné spravodajstvo ako systematický a etický proces zhromažďovania, analyzovania a riadenia externých informácií, ktoré m...
Salvato in:
| Autore principale: | |
|---|---|
| Altri autori: | |
| Natura: | Capitolo di libro |
| Lingua: | slovacco |
| Soggetti: | |
| Tags: |
Nessun Tag, puoi essere il primo ad aggiungerne!!
|
MARC
| LEADER | 00000nla$a2200000$$$4500 | ||
|---|---|---|---|
| 001 | 0120689 | ||
| 005 | 20240502072349.8 | ||
| 041 | 0 | |a slo | |
| 044 | |a SK | ||
| 245 | 1 | 0 | |a Postavenie konkurenčného spravodajstva vo firme |c Štefan Žák, Mária Hasprová |
| 520 | |a Problematika konkurenčného spravodajstva, prostredníctvom ktorého firmy môžu získať konkurenčnú výhodu, ktorá sa stáva predpokladom prežitia na súčasnom turbulentnom trhu. Konkurenčné spravodajstvo ako systematický a etický proces zhromažďovania, analyzovania a riadenia externých informácií, ktoré môžu ovplyvniť zámery firmy, jej rozhodnutia a fungovanie. Proces zvyšovania konkurencieschopnosti dôkladnejším poznávaním konkurencie a konkurenčného prostredia. | ||
| 610 | 2 | 0 | |a konkurencia |
| 610 | 2 | 0 | |a konkurencieschopnosť |
| 610 | 2 | 0 | |a informácie |
| 610 | 2 | 0 | |a analýzy |
| 610 | 2 | 0 | |a firmy |
| 610 | 2 | 0 | |a competitive intelligence |
| 100 | 1 | |a Žák, Štefan, 1971- | |
| 700 | 1 | |a Hasprová, Mária, 1970- | |